<?xml version="1.0" encoding="UTF-8"?>
<collection xmlns:xsi="http://www.w3.org/2001/XMLSchema-instance" xsi:schemaLocation="http://www.loc.gov/MARC21/slim http://www.loc.gov/standards/marcxml/schema/MARC21slim.xsd" xmlns="http://www.loc.gov/MARC21/slim">
 <record>
  <leader>00000ctm a2200000 i 4500</leader>
  <controlfield tag="001">UP-99796217613200502</controlfield>
  <controlfield tag="003">Buklod</controlfield>
  <controlfield tag="005">20221202134906.0</controlfield>
  <controlfield tag="006">m    |o  d |      </controlfield>
  <controlfield tag="007">ta</controlfield>
  <controlfield tag="008">221202s2019    xx      r    |||| u|    |</controlfield>
  <datafield tag="035" ind1=" " ind2=" ">
   <subfield code="a">(iLib)UPD-00418666237</subfield>
  </datafield>
  <datafield tag="040" ind1=" " ind2=" ">
   <subfield code="a">DARC</subfield>
   <subfield code="e">rda</subfield>
  </datafield>
  <datafield tag="041" ind1="0" ind2=" ">
   <subfield code="a">eng</subfield>
  </datafield>
  <datafield tag="042" ind1=" " ind2=" ">
   <subfield code="a">DMLUC</subfield>
  </datafield>
  <datafield tag="090" ind1="0" ind2="0">
   <subfield code="a">LG 993.5 2019 A7</subfield>
   <subfield code="b">M368</subfield>
  </datafield>
  <datafield tag="100" ind1="1" ind2=" ">
   <subfield code="a">Manuel, Adelijoy C.</subfield>
   <subfield code="e">author.</subfield>
  </datafield>
  <datafield tag="245" ind1="1" ind2="0">
   <subfield code="a">Bukids</subfield>
   <subfield code="b">linking architecture and farming for the reintegration of youth drug dependents into the community</subfield>
   <subfield code="c">Adelijoy C. Manuel ; Alex Ray P. Evangelista, adviser.</subfield>
  </datafield>
  <datafield tag="264" ind1=" " ind2="1">
   <subfield code="a">Quezon City</subfield>
   <subfield code="b">College of Architecture, University of the Philippines Diliman</subfield>
   <subfield code="c">May 2019.</subfield>
  </datafield>
  <datafield tag="300" ind1=" " ind2=" ">
   <subfield code="a">121 leaves, 26 folded leaves of plates</subfield>
   <subfield code="b">illustrations (some color)</subfield>
   <subfield code="c">28 cm. +</subfield>
   <subfield code="e">CD-ROM (4 3/4 in.)</subfield>
  </datafield>
  <datafield tag="336" ind1=" " ind2=" ">
   <subfield code="a">text</subfield>
   <subfield code="2">rdacontent</subfield>
  </datafield>
  <datafield tag="337" ind1=" " ind2=" ">
   <subfield code="a">unmediated</subfield>
   <subfield code="2">rdamedia</subfield>
  </datafield>
  <datafield tag="338" ind1=" " ind2=" ">
   <subfield code="a">volume</subfield>
   <subfield code="2">rdacarrier</subfield>
  </datafield>
  <datafield tag="502" ind1=" " ind2=" ">
   <subfield code="a">Thesis (Bachelor of Science in Architecture) -- University of the Philippines Diliman</subfield>
   <subfield code="d">May 2019.</subfield>
  </datafield>
  <datafield tag="520" ind1="3" ind2=" ">
   <subfield code="a">Bukids is a project located at Los Baños, Laguna that challenges the conventional system for youth rehabilitation in the country.  It aims to address the key issues present in our current facilities such as overcrowding, lack of equipment, and the prison-looking environment - these issues were proven to worsen their condition which results to more drug use when they are released.   With this, the community-based approach was chosen as this type is the most suitable for children.  This targets the emotional and social issues that led to drug use through group therapies.  For a more holistic, recovery, this was combined with the concept of care farming which provides more opportunity for social interaction and physical activities in nature which reduce stress and is directly related to good mental health.  Based on these concepts and the guidelines set by the Department of Health, the spaces were generated.  The analysis of the user's behavior was also analyzed to seamlessly link the community and farming spaces without compromising security as well as to be connected, organic, and youth-centered.  With the lack and inhumane condition of our current facilities, it is about time that we try better approaches which are evidence-based and culturally adaptive.</subfield>
  </datafield>
  <datafield tag="650" ind1="0" ind2="0">
   <subfield code="a">Youth Rehabilitation.</subfield>
  </datafield>
  <datafield tag="650" ind1="0" ind2="0">
   <subfield code="a">Agriculture</subfield>
   <subfield code="x">Study and Teaching</subfield>
   <subfield code="z">Los Baños</subfield>
   <subfield code="z">Laguna.</subfield>
  </datafield>
  <datafield tag="700" ind1="1" ind2=" ">
   <subfield code="a">Evangelista, Alex Rey P.</subfield>
   <subfield code="e">adviser.</subfield>
  </datafield>
  <datafield tag="842" ind1=" " ind2=" ">
   <subfield code="a">Thesi</subfield>
  </datafield>
  <datafield tag="905" ind1=" " ind2=" ">
   <subfield code="a">FI</subfield>
  </datafield>
  <datafield tag="852" ind1="0" ind2=" ">
   <subfield code="a">UPD</subfield>
   <subfield code="b">DARC</subfield>
   <subfield code="h">LG 993.5 2019 A7</subfield>
   <subfield code="i">M368</subfield>
  </datafield>
  <datafield tag="942" ind1=" " ind2=" ">
   <subfield code="a">Thesis</subfield>
  </datafield>
 </record>
</collection>
